Nové pojetí účtování kurzových rozdílů. 1

Účtovanie kurzových rozdielov podľa novelizácie IAS 21. Podstata účtovania kurzových rozdielov. Účtovanie devízových transakcií v zahraničných bankách. Účtovanie devízových transakcií v zahraničných bankách.

Na minha lista:
Detalhes bibliográficos
Autor principal: Jílek, Josef
Formato: Capítulo de Livro
Idioma:tcheco
Assuntos:
Tags: Adicionar Tag
Sem tags, seja o primeiro a adicionar uma tag!

MARC

LEADER 00000naa a2200000 4500
001 r026477
005 20230913081045.0
041 0 |a cze 
044 |a CZ 
245 1 0 |a Nové pojetí účtování kurzových rozdílů. 1  |c J. Jílek 
520 |a Účtovanie kurzových rozdielov podľa novelizácie IAS 21. Podstata účtovania kurzových rozdielov. Účtovanie devízových transakcií v zahraničných bankách. Účtovanie devízových transakcií v zahraničných bankách. 
610 2 0 |a kurz devízový 
610 2 0 |a účtovníctvo bankové 
610 2 0 |a účtovanie 
610 2 0 |a banky zahraničné 
610 2 0 |a devízy 
610 2 0 |a rozdiely kurzové 
100 1 |a Jílek, Josef